|
|
|
|
| LEADER |
01128nam a2200289 a 4500 |
| 001 |
25665 |
| 003 |
BD-DhAAL |
| 008 |
120725r20031986enk b 001 0aeng d |
| 010 |
|
|
|a 88191507
|
| 020 |
|
|
|a 0860685594
|
| 040 |
|
|
|a MH
|c MH
|d DLC
|d BD-DhAAL
|
| 082 |
0 |
0 |
|a 306.8743
|2 22
|
| 100 |
1 |
|
|a Steedman, Carolyn.
|9 54501
|
| 245 |
1 |
0 |
|a Landscape for a good woman :
|b a story of two lives /
|c Carolyn Steedman.
|
| 260 |
|
|
|a London :
|b Virago,
|c 1986 [reprinted 2003].
|
| 300 |
|
|
|a 168 pages ;
|c 20 cm.
|
| 500 |
|
|
|a "Virago paperback original."
|
| 500 |
|
|
|a Includes index.
|
| 504 |
|
|
|a Includes bibliographical references (pages [159]-164) and index.
|
| 541 |
|
|
|a 25665
|
| 600 |
1 |
0 |
|a Steedman, Carolyn.
|9 54501
|
| 650 |
|
0 |
|a Working class women
|z England
|x Biography.
|9 54502
|
| 650 |
|
0 |
|a Women
|z England
|x Psychology
|x Case studies.
|9 54503
|
| 852 |
1 |
|
|a Ayesha Abed Library
|c General Stacks
|
| 942 |
|
|
|2 ddc
|c BK
|
| 999 |
|
|
|c 12628
|d 12628
|
| 952 |
|
|
|0 0
|1 0
|2 ddc
|4 0
|6 306_874300000000000_STE
|7 0
|9 20822
|a BIGD
|b BIGD
|c GEN
|d 2012-07-26
|e BDI
|g 1209.00
|l 0
|o 306.8743 STE
|p 3050025665
|r 2012-07-29
|t 1
|w 2012-07-26
|y BK
|x £8.99 ; Transferred from BDI to BIGD.
|